Państwa w języku łacińskim - Statystyki

Ogólne statystyki
  • Ten quiz został rozwiązany 582 razy
  • Średni wynik to 11 z 16
Statystyki odpowiedzi
łacina Polski % Poprawnych
Turcia Turcja
99%
Graecia Grecja
98%
Germania Niemcy
98%
Hispania Hiszpania
96%
Iraquia Irak
92%
Aegyptus Egipt
86%
Melita Malta
82%
Sancti Marini San Marino
75%
Gallia Francja
74%
Africa Australis Republika Południowej Afryki
66%
Lettonia Łotwa
64%
Rēgnum Ūnītum Wielka Brytania
52%
Helvetia Szwajcaria
39%
Sina Chiny
35%
Hibernia Irlandia
19%
Lusitania Portugalia
19%
Nie znaleziono quizów pasujących do podanych kryteriów
Rozkład punktacji
Procent ludzi z każdym wynikiem
Percentyl według liczby udzielonych odpowiedzi
Twoja historia wyników
Nie rozwiązałeś tego quizu